Pays demi-finalistes de la Coupe du Monde (Football) - Statistiques

Statistiques générales
  • Ce quiz a été pris 119 fois
  • Le résultat moyen est 20 sur 25
Statistiques - réponses
Nb de Demi-finales Pays % Correct
11 Brésil
100%
13 Allemagne
99%
7 France
99%
6 Argentine
98%
8 Italie
97%
2 Espagne
95%
3 Angleterre
93%
2 Portugal
93%
5 Uruguay
92%
1 Maroc
91%
2 Belgique
89%
5 Pays-Bas
88%
3 Croatie
87%
4 Suède
83%
1 États-Unis
77%
2 Pologne
76%
1 Union soviétique
71%
1 Chili
68%
1 Turquie
68%
2 Yougoslavie
68%
1 Corée du Sud
66%
2 Hongrie
63%
2 Tchécoslovaquie
59%
2 Autriche
57%
1 Bulgarie
45%
Aucun quiz correspondant
Distribution des résultats
% des personnes avec chaque résultat
Percentile par nombre de réponses
Votre historique - résultats
Vous n’avez pas pris ce quiz